00712nam a2200241 a 4500001001300000003000900013005001700022008004100039020002300080082001600103100002200119245004500141260003600186300000900222500003500231505001000266650002300276700002200299902000800321942000700329952011700336999001700453nice12345678IN_TiNIC20260116014012.0050524s2004 newa grp 000 0 eng  a0142151 c25000a954.04bVER aVerma, Meenakshie aAfter Mathb an Oral History of Violence aNew DelhibPenguin Books c2004 a178p aincludes index and biblioraphy2 aIndex aPartition of India1 aVerma, Meenakshie bSRS cBK 001040708StackRoom-aHMIbHMId2007-04-05g250.00l0o954.04 VERp021215r2007-04-05v250.00w2005-05-24yBK c13447d13447